000 00612nam a2200205Ii 4500
001 3456
003 CO-ViMGA
008 241108s9999||||xx |||||||||||||| ||und||
040 _aCO-ViMGA
_bspa
_erda
_cCO-ViMGA
041 0 _aspa
082 0 4 _a320 - K374
100 1 _aHenry S. Kariel
_947785
245 1 2 _aA la búsqueda del poder:
_bEl pensamiento político del siglo XX
264 1 _aBogotá, Colombia : Colombia, 1967
300 _avolumen
336 _atext
_btxt
_2rdacontent
337 _aunmediated
_bn
_2rdamedia
338 _avolume
_bnc
_2rdacarrier
940 _aidficha_siabuc: 3372. -- ficha_no_siabuc:3456
999 _c42397
_d42397